| 000 | 01279cam a2200325Ia 4500 | ||
|---|---|---|---|
| 001 | CRC000E9080PDF | ||
| 003 | BD-DhSAU | ||
| 005 | 20151012144309.0 | ||
| 006 | m|||||o||d|||||||| | ||
| 007 | cr|||| | ||
| 008 | 070509s2008 flua sb 001 0 eng d | ||
| 020 | _a9781420008517 (ebook : PDF) | ||
| 040 |
_aBD-DhSAU _cBD-DhSAU |
||
| 090 |
_aQK625.M7 _bA87 2008 |
||
| 092 |
_a579.5657 _bA839 |
||
| 245 | 0 | 4 |
_aThe Aspergilli _h[electronic resource] : _bgenomics, medical aspects, biotechnology, and research methods / _cedited by Stephen A. Osmani, Gustavo H. Goldman. |
| 260 |
_aBoca Raton : _bTaylor & Francis, _cc2008. |
||
| 300 |
_a551 p. : _bill. |
||
| 490 | 0 |
_aMycology ; _vv. 26 |
|
| 504 | _aIncludes bibliographical references and index. | ||
| 530 |
_aAlso available in print edition. _bCRC Press (http://www.crcpress.com) |
||
| 538 | _aMode of access: World Wide Web. | ||
| 650 | 0 |
_aAspergillus _xMolecular genetics. |
|
| 650 | 0 |
_aAspergillus _xBiotechnology. |
|
| 655 | 7 |
_aElectronic books. _2lcsh |
|
| 700 | 1 | _aOsmani, Stephen A. | |
| 700 | 1 | _aGoldman, Gustavo Henrique. | |
| 776 | 1 | _z9780849390807 | |
| 856 | 4 | 0 |
_uhttp://marc.crcnetbase.com/isbn/9781420008517 _qapplication/PDF |
| 999 |
_c12060 _d12059 |
||